000 00303nam a22001217a 4500
020 _a0-13-200601-4
082 _a621.38195 CAH'D
100 _aCAHILL, S.T
_966613
245 _aDESIGNING MICROPROCESSOR BASED DIGITAL CIRCUITRY
260 _aLONDON
_bPRENTICE HALL
_c1985
300 _a227P
942 _cBK
999 _c574551
_d574551